[Event "TCh-RUS"]
[Site "Togliatti RUS"]
[Date "2003.05.21"]
[Round "6"]
[White "Timofeev,Ar"]
[Black "Platonov,E"]
[Result "1-0"]
[WhiteElo "2577"]
[BlackElo "2392"]
[EventDate "2003.05.16"]

1. e4 c5 2. Nf3 e6 3. d4 cxd4 4. Nxd4 Nf6 5. Nc3 Nc6 6. Nxc6 bxc6 7. e5 Nd5
8. Ne4 Qc7 9. f4 Qb6 10. c4 Bb4+ 11. Ke2 f5 12. exf6 Nxf6 13. Be3 Qa5 14.
Nxf6+ gxf6 15. Kf2 O-O 16. Bd3 Rf7 17. h4 Bc5 18. Rh3 Bxe3+ 19. Rxe3 Qc5
20. Qd2 Rb8 21. b3 a5 22. Kg1 f5 23. Kh2 Rg7 24. Bc2 a4 25. Rae1 axb3 26.
axb3 Bb7 27. Re5 Qf8 28. c5 Ra8 29. Bd1 Qd8 30. Kh3 Ra3 31. Rxe6 1-0

[Event "TCh-RUS"]
[Site "Togliatti RUS"]
[Date "2003.05.21"]
[Round "6"]
[White "Bocharov,D"]
[Black "Loginov,Va"]
[Result "1-0"]
[WhiteElo "2492"]
[BlackElo "2540"]
[EventDate "2003.05.16"]

1. d4 Nf6 2. Nf3 g6 3. c4 Bg7 4. g3 O-O 5. Bg2 d6 6. O-O c6 7. Nc3 Bf5 8.
b3 Ne4 9. Bb2 Na6 10. Nh4 Nxc3 11. Bxc3 Be6 12. e4 c5 13. Rc1 cxd4 14. Bxd4
Bxd4 15. Qxd4 Qa5 16. Qb2 Rab8 17. Nf3 Nc5 18. Qb1 Qb4 19. Nd4 Bg4 20. Nc2
Qb6 21. Ne3 Bd7 22. b4 Ne6 23. Rfd1 Bc6 24. b5 Be8 25. Nd5 Qd8 26. e5 dxe5
27. Qe4 Bd7 28. Qxe5 b6 29. Rd2 Rc8 30. Rcd1 Rxc4 31. Ne3 Rc5 32. Qa1 Rc7
33. Bc6 Nc5 34. Nd5 Bxc6 35. Nf6+ exf6 36. Rxd8 Be8 37. Qxf6 Ne6 38. R1d5
Rc4 39. h4 h5 40. Re5 Ra4 41. Rd2 Rb4 42. Qe7 Rb1+ 43. Kh2 Bxb5 44. Rxe6
fxe6 45. Qxe6+ Kg7 46. Qe4 Rf1 47. Qe5+ Kh7 48. Qxb5 R1xf2+ 49. Rxf2 Rxf2+
50. Kh3 Rf7 51. Qe5 Kg8 52. g4 hxg4+ 53. Kxg4 Kh7 54. h5 gxh5+ 55. Kxh5 Rg7
56. Qf5+ Kg8 57. Kh6 Rg1 58. Qd5+ 1-0

[Event "TCh-RUS"]
[Site "Togliatti RUS"]
[Date "2003.05.21"]
[Round "6"]
[White "Yevseev,D"]
[Black "Frolov,D"]
[Result "1-0"]
[WhiteElo "2580"]
[BlackElo "2418"]
[EventDate "2003.05.16"]

1. d4 d5 2. c4 c6 3. Nf3 Nf6 4. e3 Bf5 5. Nc3 e6 6. Nh4 Be4 7. f3 Bg6 8.
Qb3 Qc7 9. Bd2 Nbd7 10. cxd5 exd5 11. O-O-O O-O-O 12. e4 dxe4 13. Nxg6 hxg6
14. fxe4 Nb6 15. Bg5 Re8 16. Bd3 Ng4 17. Rhf1 f6 18. h3 Nh6 19. Bd2 Bd6 20.
Kb1 Kb8 21. Rc1 Qe7 22. a4 Bb4 23. d5 Rd8 24. Bf4+ Ka8 25. Na2 Bd6 26. dxc6
Bxf4 27. Rxf4 bxc6 28. Rxc6 Qe5 29. Rf3 Rb8 30. Nc3 Nd7 31. Bb5 Nc5 32. Qc4
Rhc8 33. Rxc8 Rxc8 34. b4 1-0

[Event "TCh-RUS"]
[Site "Togliatti RUS"]
[Date "2003.05.21"]
[Round "6"]
[White "Sivokho,S"]
[Black "Beletsky,A"]
[Result "1/2-1/2"]
[WhiteElo "2494"]
[BlackElo "2439"]
[EventDate "2003.05.16"]

1. e4 e5 2. Nf3 Nf6 3. d4 Nxe4 4. Bd3 d5 5. Nxe5 Nd7 6. Nxd7 Bxd7 7. O-O
Bd6 8. Nc3 Nxc3 9. bxc3 O-O 10. Qh5 f5 11. Rb1 b6 12. Re1 Qf6 13. Qf3 Qf7
14. Bf4 Rae8 15. Kf1 g6 16. h4 Rxe1+ 17. Rxe1 Re8 18. Rxe8+ Bxe8 19. h5
Bxf4 20. Qxf4 Qe7 21. g3 Kg7 22. Kg2 c5 23. h6+ Kf6 24. g4 Bd7 25. g5+ Kf7
26. Kg3 Qe1 27. c4 Qg1+ 28. Kf3 dxc4 29. Bxc4+ Ke7 30. Ke2 cxd4 31. Qe5+
Kd8 32. f4 Qc1 33. Bd3 Qe3+ 34. Qxe3 dxe3 35. Kxe3 Ke7 36. Kd4 Kd6 37. a3
Be6 38. Bb5 Bf7 39. Ba4 Be6 40. Be8 Bg8 41. c4 Ke7 42. Bc6 Kd6 43. Bf3 Be6
44. Bb7 Bg8 45. Bc8 Bf7 46. Bb7 Be6 47. Bf3 Bf7 48. Bd1 Bg8 49. a4 Bf7 50.
a5 Bg8 51. axb6 axb6 52. Ba4 Bf7 53. Bb5 Be6 54. Be8 1/2-1/2

[Event "TCh-RUS"]
[Site "Togliatti RUS"]
[Date "2003.05.21"]
[Round "6"]
[White "Lanin,A"]
[Black "Katkov,S"]
[Result "1-0"]
[WhiteElo "2259"]
[BlackElo "2234"]
[EventDate "2003.05.16"]

1. e4 c5 2. Nf3 Nc6 3. d4 cxd4 4. Nxd4 Nf6 5. Nc3 e5 6. Ndb5 d6 7. Bg5 a6
8. Na3 b5 9. Bxf6 gxf6 10. Nd5 f5 11. c3 Bg7 12. exf5 Bxf5 13. Nc2 Be6 14.
g3 O-O 15. Bg2 a5 16. O-O Rb8 17. Nce3 f5 18. f4 Qd7 19. Qh5 b4 20. g4 bxc3
21. bxc3 Rb2 22. gxf5 Bxf5 23. fxe5 Rxg2+ 24. Kxg2 Be4+ 25. Kg1 Rxf1+ 26.
Rxf1 Nxe5 27. Qg5 Ng6 28. Nf6+ Bxf6 29. Qxf6 d5 30. Nf5 Bxf5 31. Qxf5 Qa7+
32. Rf2 Qc5 33. Qf7+ Kh8 34. Qf6+ Kg8 35. h4 Qc8 36. Qd4 Qe6 37. h5 Ne5 38.
Rg2+ Kf8 39. Qf4+ Ke7 40. Rg7+ Nf7 41. Kf2 Kf8 42. Rxh7 Qb6+ 43. Kf3 1-0

[Event "TCh-RUS"]
[Site "Togliatti RUS"]
[Date "2003.05.21"]
[Round "6"]
[White "Ulibin,M"]
[Black "Kolotilin,Y"]
[Result "1-0"]
[WhiteElo "2562"]
[BlackElo "2332"]
[EventDate "2003.05.16"]

1. d4 f5 2. Nc3 Nf6 3. Bg5 d5 4. Bxf6 exf6 5. e3 Be6 6. Qf3 g6 7. Nge2 c6
8. Nf4 Bf7 9. O-O-O Bd6 10. h3 Nd7 11. g4 fxg4 12. hxg4 Qe7 13. Kb1 O-O-O
14. Rh6 Kb8 15. Bd3 Nf8 16. Rdh1 Bc7 17. Nce2 Rg8 18. Ng3 Rg7 19. Nfh5 gxh5
20. Nf5 hxg4 21. Qe2 Qd7 22. Nxg7 Bg6 23. Nh5 f5 24. f3 gxf3 25. Qxf3 Qe7
26. Ng3 Re8 27. Nxf5 Qg5 28. R6h3 Ne6 29. Nh6 Rf8 30. Qe2 Re8 31. Qg4 Qf6
32. Rf1 Qg7 33. Bxg6 hxg6 34. Rf7 Qh8 35. a3 g5 36. Nf5 Qg8 37. Rhh7 Qg6
38. Rhg7 Nxg7 39. Rxg7 Qe6 40. Qxg5 Rc8 41. Re7 Qg8 42. Ng7 Qf8 43. Ka2 a5
44. Ne6 Qf1 45. Qg6 Bb6 46. Qh7 Qa6 47. a4 c5 48. dxc5 Bxc5 49. Nxc5 Rxc5
50. b3 Qc6 51. Qh8+ Ka7 52. Qd4 Ka6 53. Kb1 b5 54. Rf7 1-0

[Event "TCh-RUS"]
[Site "Togliatti RUS"]
[Date "2003.05.21"]
[Round "6"]
[White "Roppel,K"]
[Black "Tseshkovsky,V"]
[Result "0-1"]
[WhiteElo "2287"]
[BlackElo "2564"]
[EventDate "2003.05.16"]

1. d4 g6 2. Nf3 Bg7 3. Bf4 d6 4. e3 Nd7 5. h3 e5 6. Bh2 Qe7 7. Be2 Ngf6 8.
O-O O-O 9. c4 e4 10. Nfd2 c5 11. Nb3 Rd8 12. Nc3 Nb6 13. Qc2 cxd4 14. Nxd4
a6 15. Rac1 Ra7 16. Rfd1 Bd7 17. Qb3 Nc8 18. Nd5 Nxd5 19. cxd5 Be5 20. Rc7
Ba4 21. Qc3 Bxh2+ 22. Kxh2 Qe5+ 23. Kg1 Ne7 24. Nb3 Qxc3 25. bxc3 Rd7 26.
Rxd7 Bxd7 27. c4 b6 28. Nd4 Rc7 29. Rb1 Nc8 30. h4 f5 31. f3 exf3 32. gxf3
Kf7 33. f4 Kf6 34. Kf2 Rc5 35. Rb2 Ra5 36. Ke1 Ke7 37. h5 Kf6 38. hxg6 hxg6
39. Bf1 Ra4 40. Kf2 Ra3 41. Kf3 Ba4 42. Ne6 Rc3 43. Rh2 Bd1+ 44. Be2 Bxe2+
45. Rxe2 Rxc4 46. Rh2 Ne7 47. Rh7 Nxd5 48. Nf8 Rc8 49. Rd7 Rxf8 50. Rxd6+
Ke7 51. Rxd5 Rd8 52. Re5+ Kf7 53. Ke2 Rh8 54. a4 Rh2+ 55. Kf3 Ra2 56. e4
Ra3+ 0-1

[Event "TCh-RUS"]
[Site "Togliatti RUS"]
[Date "2003.05.21"]
[Round "6"]
[White "Shariyazdanov,A"]
[Black "Cherniaev,A2"]
[Result "1/2-1/2"]
[WhiteElo "2589"]
[BlackElo "2228"]
[EventDate "2003.05.16"]

1. d4 Nf6 2. c4 g6 3. Nc3 Bg7 4. e4 d6 5. Be2 O-O 6. Nf3 e5 7. O-O Nc6 8.
d5 Ne7 9. Ne1 Ne8 10. Nd3 f5 11. Bd2 Nf6 12. f3 f4 13. c5 g5 14. Rc1 Rf7
15. Nb5 Ng6 16. Ba5 b6 17. cxb6 axb6 18. Be1 g4 19. fxg4 Nxe4 20. Qc2 Nc5
21. Nxc5 bxc5 22. Nc3 e4 23. Qxe4 Qg5 24. Qc2 Bxg4 25. Ne4 Qh5 26. Bxg4
Qxg4 27. Bc3 Bxc3 28. Nxc3 Ne5 29. Kh1 Kh8 30. Rce1 Rg8 31. Re4 1/2-1/2

[Event "TCh-RUS"]
[Site "Togliatti RUS"]
[Date "2003.05.21"]
[Round "6"]
[White "Smikovski,I"]
[Black "Potkin,V"]
[Result "1-0"]
[WhiteElo "2489"]
[BlackElo "2522"]
[EventDate "2003.05.16"]

1. e4 e6 2. d4 d5 3. Nc3 Bb4 4. e5 Ne7 5. a3 Bxc3+ 6. bxc3 b6 7. Qg4 Ng6 8.
h4 h5 9. Qd1 Ba6 10. Bxa6 Nxa6 11. Bg5 f6 12. Qd3 Kf7 13. Rh3 Nb8 14. exf6
gxf6 15. Rf3 Nd7 16. Nh3 Qe7 17. Kf1 e5 18. Qf5 Rae8 19. dxe5 Ngxe5 20. Re1
Qc5 21. Bxf6 Qb5+ 22. c4 Qxc4+ 23. Re2 Qxe2+ 24. Kxe2 Nxf3+ 25. Be5+ Ke7
26. Bxh8 Nxh4 27. Qxh5 Nxg2 28. Kf1 1-0

[Event "TCh-RUS"]
[Site "Togliatti RUS"]
[Date "2003.05.21"]
[Round "6"]
[White "Lubashov,A"]
[Black "Ovetchkin,R"]
[Result "1/2-1/2"]
[WhiteElo "2414"]
[BlackElo "2535"]
[EventDate "2003.05.16"]

1. e4 c6 2. d3 d5 3. Nd2 Qc7 4. h3 Nf6 5. Ngf3 e5 6. g3 Bd6 7. Bg2 O-O 8.
O-O Re8 9. Nh4 Be6 10. Re1 Nbd7 11. Nf1 Rad8 12. Qf3 Bb4 13. Rd1 Bf8 14.
Nf5 Nc5 15. Re1 dxe4 16. dxe4 Nfd7 17. Nd2 b5 18. Qe2 Nb6 19. Ne3 f6 20.
Nb3 Nca4 21. Nd1 Qd7 22. Kh2 c5 23. Nd2 c4 24. b3 Nc5 25. Nf1 Bf7 26. Nde3
Ne6 27. Bd2 Nd4 28. Qd1 Qc7 29. c3 Nc6 30. b4 Rd3 31. Qc2 Red8 32. Rad1 Bh5
33. g4 Bf7 34. Ng3 Ne7 35. Bf1 R3d7 36. Ng2 Ng6 37. f3 Na4 38. Be2 Be6 39.
Nf5 Bxf5 40. gxf5 Nf4 41. Nxf4 exf4 42. Bc1 Qe5 43. Rxd7 Rxd7 44. Bb2 Nxb2
45. Qxb2 g6 46. Rg1 Rg7 47. a4 a6 48. Qc2 gxf5 49. Rxg7+ Kxg7 50. exf5 Bd6
51. Kg2 Kh6 52. axb5 axb5 53. Kf1 Bc7 54. Bd1 Bb6 55. Qd2 Qe3 56. Qxe3 Bxe3
57. Bc2 Bd2 58. Be4 Bxc3 59. Bc6 Bxb4 60. Bxb5 c3 61. Bd3 Kg7 62. Ke2 Bc5
63. Bc2 Be3 64. Kd3 Bd2 65. Ke2 Kf7 66. Bb3+ Ke7 67. Bg8 h6 68. Bb3 Kd6 69.
Kd3 Kc5 70. Bf7 Be1 71. Be6 Kd6 72. Bc8 h5 73. Be6 h4 74. Bf7 Kc5 75. Bg6
Kb4 76. Bf7 Bf2 77. Bg8 Bb6 78. Bf7 Ba5 79. Kc2 Kc5 80. Kd3 Kd6 81. Bg6
1/2-1/2

[Event "TCh-RUS"]
[Site "Togliatti RUS"]
[Date "2003.05.21"]
[Round "6"]
[White "Lysyj,I"]
[Black "Bogachkov,I"]
[Result "1-0"]
[WhiteElo "2475"]
[BlackElo "2324"]
[EventDate "2003.05.16"]

1. d4 Nf6 2. Nf3 g6 3. g3 Bg7 4. Bg2 O-O 5. O-O d6 6. b3 Nfd7 7. Bb2 Nc6 8.
Na3 e5 9. dxe5 Ndxe5 10. Nxe5 Nxe5 11. Rb1 Rb8 12. c4 Bf5 13. Nc2 Qd7 14.
Re1 a5 15. e4 Bg4 16. f3 Bh3 17. Bh1 a4 18. f4 axb3 19. axb3 Nc6 20. Ne3
Be6 21. f5 gxf5 22. Qh5 Bxb2 23. Rxb2 f6 24. exf5 Bf7 25. Qh6 Ne5 26. Rd2
b5 27. Qxf6 Qd8 28. Qh6 Kh8 29. Rd4 bxc4 30. bxc4 Bg8 31. c5 Rb2 32. cxd6
c5 33. Rdd1 Nf7 34. Qf4 Re8 35. d7 Ng5 36. Qxg5 1-0

[Event "TCh-RUS"]
[Site "Togliatti RUS"]
[Date "2003.05.22"]
[Round "7"]
[White "Timofeev,Ar"]
[Black "Rustemov,A"]
[Result "1/2-1/2"]
[WhiteElo "2577"]
[BlackElo "2581"]
[EventDate "2003.05.16"]

1. e4 e6 2. d4 d5 3. Nd2 c5 4. exd5 Qxd5 5. Ngf3 cxd4 6. Bc4 Qd6 7. O-O Nf6
8. Nb3 Nc6 9. Nbxd4 Nxd4 10. Nxd4 Bd7 11. b3 O-O-O 12. Bb2 Qf4 13. g3 Qg4
14. Be2 Qh3 15. Re1 Bc5 16. Bf1 Qg4 17. Re5 Bb6 18. Be2 Qh3 19. Bf1 Qg4 20.
Be2 Qh3 21. Bf1 Qg4 22. Be2 1/2-1/2

[Event "TCh-RUS"]
[Site "Togliatti RUS"]
[Date "2003.05.22"]
[Round "7"]
[White "Torbin,K"]
[Black "Volkov,S"]
[Result "0-1"]
[WhiteElo "2427"]
[BlackElo "2634"]
[EventDate "2003.05.16"]

1. d4 d5 2. Nf3 Nf6 3. c4 c6 4. Qc2 dxc4 5. Qxc4 Bf5 6. g3 e6 7. Nc3 Nbd7
8. Bg2 Be7 9. O-O O-O 10. e3 Ne4 11. Nd2 Nxd2 12. Bxd2 e5 13. e4 exd4 14.
exf5 dxc3 15. Bxc3 Bf6 16. Rad1 Bxc3 17. Qxc3 Qc7 18. b4 Nf6 19. b5 c5 20.
Qf3 b6 21. g4 h6 22. h4 Rad8 23. g5 hxg5 24. hxg5 Nh7 25. Qg4 Qe7 26. g6
Nf6 27. Qc4 Rd6 28. Rfe1 Qd7 29. Rxd6 Qxd6 30. Bf1 Qd7 31. Qf4 Re8 32.
Rxe8+ Qxe8 33. Bd3 fxg6 34. fxg6 Kf8 35. Qc7 Qd7 36. Qb8+ Ke7 37. Qe5+ Qe6
38. Qc7+ Nd7 39. Qf4 Qxa2 40. Bf5 Qa1+ 41. Kg2 Qe5 42. Qf3 Nf8 43. Kh3 Ne6
44. Qb7+ Nc7 45. Kg4 Kf6 46. Qf3 Qd4+ 47. Be4+ Ke7 48. Qf7+ Kd8 49. Qg8+
Ne8 50. Kf3 Qd7 51. Bc6 Qd3+ 52. Kf4 Qxg6 53. Ke3 Ke7 54. f3 a5 55. Kf2
Qc2+ 56. Kg3 Qg6+ 57. Kf2 Nd6 58. Qb8 Qc2+ 59. Kg3 Qg6+ 60. Kf2 Ke6 61.
Qxb6 Qc2+ 62. Kg3 a4 63. Qa7 Nf5+ 64. Kh3 Qd1 65. Kh2 Qe2+ 66. Kg1 Qe1+ 67.
Kg2 Ne3+ 68. Kh3 Qf1+ 69. Kg3 Nf5+ 70. Kf4 Qc1+ 71. Kg4 Qg1+ 0-1

[Event "TCh-RUS"]
[Site "Togliatti RUS"]
[Date "2003.05.22"]
[Round "7"]
[White "Smirnov,P"]
[Black "Isajevsky,A"]
[Result "1/2-1/2"]
[WhiteElo "2615"]
[BlackElo "2385"]
[EventDate "2003.05.16"]

1. e4 c5 2. Nf3 Nc6 3. d4 cxd4 4. Nxd4 Nf6 5. Nc3 e5 6. Ndb5 d6 7. Bg5 a6
8. Na3 b5 9. Bxf6 gxf6 10. Nd5 Bg7 11. Bd3 Ne7 12. Nxe7 Qxe7 13. O-O O-O
14. c4 f5 15. Qf3 Re8 16. Rfe1 b4 17. Nc2 f4 18. Nxb4 Rb8 19. Nd5 Qg5 20.
Bf1 Re6 21. Qe2 Rh6 22. Rad1 Kh8 23. Rd3 Bg4 24. Qd2 Bd7 25. Nc3 Qh4 26. h3
Rg8 27. Kh2 Bf8 28. Rf3 Rhg6 29. Qd3 Qh5 30. Ne2 Rg5 31. Qc3 f6 1/2-1/2

[Event "TCh-RUS"]
[Site "Togliatti RUS"]
[Date "2003.05.22"]
[Round "7"]
[White "Askarov,M"]
[Black "Popov,Val"]
[Result "0-1"]
[WhiteElo "2260"]
[BlackElo "2570"]
[EventDate "2003.05.16"]

1. d4 d5 2. Nf3 c6 3. c4 Nf6 4. Qb3 e6 5. Bg5 h6 6. Bh4 a5 7. Bxf6 Qxf6 8.
Nbd2 Nd7 9. e3 g5 10. h3 h5 11. e4 g4 12. e5 Qg7 13. Nh2 a4 14. Qc3 c5 15.
cxd5 cxd4 16. Qxd4 Bc5 17. Qf4 Qxe5+ 18. Qxe5 Nxe5 19. Bb5+ Ke7 20. Rc1 Bb4
21. a3 Bd7 22. Be2 Ba5 23. dxe6 Bxe6 24. f3 Rad8 25. Nhf1 gxf3 26. gxf3 Rd4
27. f4 Ng6 28. Bf3 Rxd2 29. Nxd2 Bb3 30. Rf1 Rd8 31. Kf2 Bxd2 32. Rc7+ Kd6
33. Rxb7 0-1

[Event "TCh-RUS"]
[Site "Togliatti RUS"]
[Date "2003.05.22"]
[Round "7"]
[White "Frolov,D"]
[Black "Vokarev,S"]
[Result "1/2-1/2"]
[WhiteElo "2418"]
[BlackElo "2498"]
[EventDate "2003.05.16"]

1. e4 c5 2. Nf3 Nc6 3. d4 cxd4 4. Nxd4 g6 5. c4 Nf6 6. Nc3 d6 7. Be2 Nxd4
8. Qxd4 Bg7 9. Be3 O-O 10. Qd2 Be6 11. O-O Qa5 12. Rab1 Rfc8 13. b3 Ng4 14.
Nd5 Qxd2 15. Bxd2 Kf8 16. Bg5 Nf6 17. Nxf6 Bxf6 18. Bxf6 exf6 19. Rfd1 Ke7
20. f4 a5 21. Kf2 a4 22. Ke3 axb3 23. axb3 Ra3 24. Bd3 Rca8 25. Rd2 Ra2 26.
Rdb2 Bd7 27. Kd4 Bc6 28. g3 b6 29. Kc3 R2a3 30. Re1 Ke6 31. Rd2 Ra1 32. Bb1
R1a5 33. Red1 Rd8 34. Bc2 Ke7 35. Kb2 h6 36. Re1 Rda8 37. Red1 Rd8 38. Kc3
Raa8 39. Bb1 Ra5 40. Kb2 Raa8 41. Bc2 Ra5 42. b4 Raa8 43. Ra1 Rxa1 44. Kxa1
Ra8+ 45. Kb2 Bd7 46. Rd1 Be6 47. Rd4 Rc8 48. Bd3 1/2-1/2

[Event "TCh-RUS"]
[Site "Togliatti RUS"]
[Date "2003.05.22"]
[Round "7"]
[White "Potkin,V"]
[Black "Loskutov,O"]
[Result "1/2-1/2"]
[WhiteElo "2522"]
[BlackElo "2439"]
[EventDate "2003.05.16"]

1. e4 c5 2. c3 d5 3. exd5 Qxd5 4. d4 Nc6 5. Nf3 Bg4 6. Be2 cxd4 7. cxd4 e6
8. Nc3 Qa5 9. h3 Bh5 10. O-O Nf6 11. Be3 Bb4 12. Qb3 O-O 13. Rfd1 Rfd8 14.
Rac1 Nd5 15. Nxd5 Qxd5 16. Qxd5 Rxd5 17. g4 Bg6 18. Ne5 Nxe5 19. dxe5 Rxe5
20. Bf3 h5 21. Bxb7 Rf8 22. Bf3 hxg4 23. hxg4 a5 24. Rd7 Re8 25. a4 Be4 26.
Kg2 Rd5 27. Ra7 Bxf3+ 28. Kxf3 Bd6 29. Rc6 Bb4 30. Rcc7 Rf8 31. Ke4 g6 32.
Bh6 Bd6 33. Rd7 Bc5 34. Bxf8 Bxa7 35. Rxa7 Kxf8 36. Rb7 f5+ 37. gxf5 Rxf5
38. f3 Ke8 39. Rg7 g5 40. Ke3 Kf8 41. Rb7 Ke8 42. b4 Rf4 43. bxa5 Rxa4 44.
Ra7 g4 1/2-1/2

[Event "TCh-RUS"]
[Site "Togliatti RUS"]
[Date "2003.05.22"]
[Round "7"]
[White "Beletsky,A"]
[Black "Kovalevskaya,E"]
[Result "1/2-1/2"]
[WhiteElo "2439"]
[BlackElo "2447"]
[EventDate "2003.05.16"]

1. d4 Nf6 2. c4 d6 3. Nf3 Nbd7 4. g3 e5 5. Bg2 Be7 6. O-O O-O 7. Nc3 c6 8.
Qc2 a6 9. Rd1 Qc7 10. b3 Re8 11. Bb2 Bf8 12. e4 b5 13. cxb5 cxb5 14. Rac1
Bb7 15. Qb1 Qb6 16. h3 Rac8 17. d5 g6 18. g4 a5 19. Ne2 Nc5 20. Ng3 Ba6 21.
Bf1 b4 22. Bxa6 Qxa6 23. Rc4 Nfd7 24. Bc1 Nb7 25. Rxc8 Rxc8 26. Bd2 Qb5 27.
Rc1 Rxc1+ 28. Bxc1 Ndc5 29. Qc2 a4 30. bxa4 Nxa4 31. Bd2 Nbc5 32. Qb1 b3
33. axb3 Qxb3 34. Qxb3 Nxb3 35. Be3 Be7 36. Nf1 Bd8 37. N3d2 Na5 38. f3 f6
39. Kf2 Kf7 40. Ke2 Bb6 41. Kd3 Bxe3 42. Nxe3 Ke7 43. h4 Kd7 44. h5 Nc5+
45. Kc3 Nab7 46. Ng2 Na4+ 47. Kc2 Nb6 48. Nh4 gxh5 49. gxh5 Nc8 50. Nc4 Ne7
51. Ne3 Nd8 52. Ng4 Ng8 53. Nf5 Nf7 54. Kd3 Ng5 55. Ke3 Nh3 56. h6 Nf4 57.
Ng7 Ke7 58. Kf2 Nh3+ 59. Kg3 Ng5 60. Nf5+ 1/2-1/2

[Event "TCh-RUS"]
[Site "Togliatti RUS"]
[Date "2003.05.22"]
[Round "7"]
[White "Ovetchkin,R"]
[Black "Odinokov,N"]
[Result "1-0"]
[WhiteElo "2535"]
[BlackElo "2349"]
[EventDate "2003.05.16"]

1. e4 e5 2. Nf3 Nc6 3. Bb5 d6 4. O-O Nge7 5. c3 Ng6 6. d4 Bd7 7. Qb3 Be7 8.
d5 Na5 9. Bxd7+ Qxd7 10. Qc2 b6 11. c4 O-O 12. Nbd2 f5 13. exf5 Rxf5 14.
Ne1 Raf8 15. Ne4 c6 16. Ng3 R5f7 17. b4 Nb7 18. Qa4 Nd8 19. Be3 Nf4 20. Rd1
Bh4 21. Rd2 Qc7 22. Ne4 b5 23. Qc2 bxc4 24. Bxf4 cxd5 25. Rxd5 Rxf4 26. g3
Qc6 27. Rxd6 Qxe4 28. gxf4 Qxf4 29. Ng2 Qg5 30. Qxc4+ Nf7 31. Rd5 1-0

[Event "TCh-RUS"]
[Site "Togliatti RUS"]
[Date "2003.05.22"]
[Round "7"]
[White "Katkov,S"]
[Black "Lysyj,I"]
[Result "0-1"]
[WhiteElo "2234"]
[BlackElo "2475"]
[EventDate "2003.05.16"]

1. e4 e6 2. d4 d5 3. e5 c5 4. c3 Qb6 5. Nf3 Bd7 6. a3 cxd4 7. cxd4 Bb5 8.
Bxb5+ Qxb5 9. Nc3 Qa6 10. Ne2 Nd7 11. O-O Ne7 12. Ng3 Nc6 13. Be3 Be7 14.
Rc1 O-O 15. Nh5 g6 16. Nf4 Rfc8 17. h4 Qb6 18. Qe2 Na5 19. h5 Nc4 20. Rc2
Rc6 21. hxg6 hxg6 22. Nd3 Rac8 23. Rfc1 Kg7 24. Rc3 Qd8 25. Nd2 Nxe3 26.
Rxc6 Rxc6 27. Rxc6 bxc6 28. Qxe3 a5 29. Nb3 Qb6 30. Nbc5 Bxc5 31. dxc5 Qb3
32. Qd2 a4 33. Kf1 Qb5 34. Ke1 Nxc5 35. Nxc5 Qxc5 36. Qf4 Qa5+ 37. Kd1 Kg8
38. Qf6 Qb6 39. g4 Qd4+ 40. Ke1 Qc4 41. Kd2 Qd4+ 42. Kc1 Qb6 43. Qf4 Qc5+
44. Kd2 Qb5 45. Kc1 c5 46. f3 d4 47. Qf6 Qc4+ 48. Kd2 Qd5 49. Qf4 Qb3 50.
Kc1 d3 51. Qd2 c4 52. Kb1 Qb5 53. Qg5 Qd5 0-1

[Event "TCh-RUS"]
[Site "Togliatti RUS"]
[Date "2003.05.22"]
[Round "7"]
[White "Loginov,Va"]
[Black "Grischuk,A"]
[Result "1/2-1/2"]
[WhiteElo "2540"]
[BlackElo "2701"]
[EventDate "2003.05.16"]

1. Nf3 Nf6 2. g3 d5 3. Bg2 c6 4. O-O Bg4 5. c4 e6 6. d3 Be7 7. cxd5 exd5 8.
Nc3 Nbd7 9. Qc2 Bxf3 10. Bxf3 d4 11. Ne4 Nxe4 12. Bxe4 a5 13. Bd2 O-O 14.
Rfb1 Qb6 15. Qc4 Ne5 16. Qa4 Nd7 17. Qc4 Ne5 18. Qa4 Nd7 1/2-1/2

[Event "TCh-RUS"]
[Site "Togliatti RUS"]
[Date "2003.05.22"]
[Round "7"]
[White "Lanin,A"]
[Black "Shariyazdanov,A"]
[Result "1-0"]
[WhiteElo "2259"]
[BlackElo "2589"]
[EventDate "2003.05.16"]

1. e4 c5 2. Nf3 Nc6 3. Bb5 g6 4. O-O Bg7 5. c3 Nf6 6. Re1 O-O 7. d4 d5 8.
e5 Ne4 9. Nbd2 cxd4 10. cxd4 Qb6 11. Bxc6 Qxc6 12. Qe2 Bf5 13. Nh4 Be6 14.
Nxe4 dxe4 15. Qxe4 Bd5 16. Qe2 f6 17. Bd2 Qb6 18. Be3 Rfc8 19. b3 Qe6 20.
Nf3 Rc6 21. Rac1 Rac8 22. Rxc6 Rxc6 23. exf6 exf6 24. h3 Bf8 25. Bf4 Qf5
26. Bg3 Re6 27. Qd2 b6 28. Rxe6 Qxe6 29. Nh2 Qe4 30. f3 Qb1+ 31. Kf2 h5 32.
Nf1 Kf7 33. Bb8 a5 34. Ne3 Bb4 35. Qe2 Be6 36. d5 Bd7 37. Nc4 Bc5+ 38. Kg3
Qg1 39. Nd6+ Kf8 40. Ne4 g5 41. f4 Bb5 42. Qd2 Bb4 43. Bd6+ Bxd6 44. Nxd6
h4+ 45. Kf3 Qf1+ 46. Kg4 Be2+ 47. Kf5 Ke7 48. Ne4 Bd3 49. Qe3 Kf7 50. Qf3
Qc1 51. Qh5+ Ke7 52. d6+ Kd8 53. Qh8+ Kd7 54. Qg7+ Kc8 55. Qg8+ 1-0

[Event "TCh-RUS"]
[Site "Togliatti RUS"]
[Date "2003.05.22"]
[Round "7"]
[White "Rashkovsky,N"]
[Black "Smirnov,Ar"]
[Result "1/2-1/2"]
[WhiteElo "2514"]
[BlackElo "2368"]
[EventDate "2003.05.16"]

1. d4 Nf6 2. Nf3 e6 3. g3 b6 4. Bg2 Bb7 5. O-O c5 6. c4 cxd4 7. Qxd4 Be7 8.
Nc3 d6 9. b3 O-O 10. Bb2 a6 11. Rfd1 1/2-1/2

[Event "TCh-RUS"]
[Site "Togliatti RUS"]
[Date "2003.05.22"]
[Round "7"]
[White "Filippov,Va"]
[Black "Smikovski,I"]
[Result "1/2-1/2"]
[WhiteElo "2627"]
[BlackElo "2489"]
[EventDate "2003.05.16"]

1. Nf3 Nf6 2. c4 g6 3. d4 Bg7 4. g3 O-O 5. Bg2 d5 6. cxd5 Nxd5 7. O-O Nb6
8. Nc3 Nc6 9. d5 Na5 10. Qc2 c6 11. dxc6 Nxc6 12. Rd1 Bf5 13. e4 Bd7 14.
Qe2 Qc8 15. Be3 Bxc3 16. bxc3 Bg4 17. h3 Bxh3 18. c4 Bxg2 19. Kxg2 Qg4 20.
c5 Nc4 21. Qxc4 Qxf3+ 22. Kxf3 Ne5+ 23. Ke2 Nxc4 24. Rd7 Nxe3 25. Kxe3 Rfc8
26. Rc1 Rab8 27. Rxe7 Kf8 28. Rd7 Rc6 29. a4 Ke8 30. Rd5 Rbc8 31. Rb1 R8c7
32. g4 Rxc5 33. Rxc5 Rxc5 34. Rxb7 Ra5 35. Rb4 h5 36. gxh5 gxh5 37. f4 f6
38. f5 Kf7 39. Kf4 Kg7 40. Rb7+ Kf8 41. Rb4 Kg7 42. Rc4 Kf7 43. Kg3 Kg7 44.
Kh4 Kh6 45. Rc6 Kg7 46. Rc7+ Kf8 47. Rc4 Ke7 48. Kxh5 Kd6 49. Kg6 Ke5 50.
Kf7 Ra6 51. Ke7 Rb6 52. Kd7 Rb7+ 53. Kc6 Rb6+ 54. Kc7 Rb1 55. a5 Ra1 56.
Rc5+ Kxe4 57. Kd6 Kd4 58. Rd5+ Kc4 59. Kc6 Ra2 60. Rc5+ Kd4 61. Kd6 Ra1 62.
Rb5 Kc4 63. Rb7 Rxa5 64. Ke6 Ra6+ 65. Kf7 Ra1 66. Kxf6 a5 67. Ke7 a4
1/2-1/2

[Event "TCh-RUS"]
[Site "Togliatti RUS"]
[Date "2003.05.22"]
[Round "7"]
[White "Pigusov,E"]
[Black "Lubashov,A"]
[Result "1-0"]
[WhiteElo "2588"]
[BlackElo "2414"]
[EventDate "2003.05.16"]

1. Nf3 d6 2. d4 Bg4 3. c4 Nd7 4. Nc3 g6 5. g3 Bxf3 6. exf3 Bg7 7. Be3 c5 8.
dxc5 Bxc3+ 9. bxc3 Nxc5 10. Be2 h5 11. O-O Nf6 12. Re1 Qc7 13. Bf1 O-O-O
14. h4 Nfd7 15. Rb1 Rde8 16. Re2 Nb6 17. Reb2 Qc6 18. Rb4 e5 19. f4 f5 20.
fxe5 Rxe5 21. Bg2 Qd7 22. Bd4 Rhe8 23. Bxe5 Rxe5 24. Qd4 Kc7 25. a4 Ncxa4
26. Ra1 Ra5 27. Qf6 d5 28. Re1 Nc8 29. Bxd5 Nc5 30. Rbb1 Ra6 1-0

[Event "TCh-RUS"]
[Site "Togliatti RUS"]
[Date "2003.05.22"]
[Round "7"]
[White "Bogachkov,I"]
[Black "Belozerov,A"]
[Result "1/2-1/2"]
[WhiteElo "2324"]
[BlackElo "2533"]
[EventDate "2003.05.16"]

1. e4 e5 2. Nf3 Nc6 3. Bb5 a6 4. Ba4 Nf6 5. d4 exd4 6. O-O Be7 7. Re1 b5 8.
e5 Nxe5 9. Rxe5 d6 10. Re1 bxa4 11. Nxd4 Bd7 12. Qf3 O-O 13. Nc6 Bxc6 14.
Qxc6 Re8 15. Nc3 a3 16. b3 Qd7 17. Qxd7 Nxd7 18. Nd5 Bf8 19. Bxa3 c6 20.
Nf4 d5 21. Bxf8 Kxf8 22. Kf1 a5 23. Rxe8+ Kxe8 24. Re1+ Kd8 25. a4 Nc5 26.
Re3 Kd7 27. Nd3 Nxd3 28. Rxd3 Kd6 29. Ke2 c5 30. Rf3 f6 31. Rh3 h6 32. Rg3
Re8+ 33. Kd3 Re7 34. Re3 Re5 35. Rxe5 fxe5 36. f3 g5 37. g4 Kc6 38. Ke3 Kd6
39. Kd3 Ke6 40. Ke3 Kf6 41. Kd3 Ke7 42. Ke3 1/2-1/2

[Event "TCh-RUS"]
[Site "Togliatti RUS"]
[Date "2003.05.22"]
[Round "7"]
[White "Lunev,A"]
[Black "Meister,Y"]
[Result "1/2-1/2"]
[WhiteElo "2509"]
[BlackElo "2513"]
[EventDate "2003.05.16"]

1. d4 d5 2. Nf3 Nf6 3. c4 dxc4 4. e3 g6 5. Bxc4 Bg7 6. O-O O-O 7. Nc3 c5 8.
h3 cxd4 9. exd4 Nbd7 10. Qe2 Nb6 11. Bb3 Nbd5 12. Re1 Be6 13. Bg5 Re8 14.
Qb5 Nxc3 15. bxc3 Bxb3 16. axb3 Qc8 17. c4 a6 18. Qb4 e6 19. Rad1 Nd7 20.
Bf4 a5 21. Qb5 Qc6 22. Qxc6 bxc6 23. Ne5 Nxe5 24. Bxe5 a4 25. bxa4 Rxa4 26.
Bxg7 Kxg7 27. d5 Rxc4 28. dxe6 Rxe6 29. Rxe6 fxe6 30. Rd7+ Kh6 31. Re7 c5
32. Rxe6 Rc1+ 33. Kh2 Kg5 34. Kg3 Rc4 35. Kf3 h5 36. g3 Rc3+ 37. Ke4 Kh6
38. h4 Rc2 39. Ke3 Kg7 40. Rc6 Kf7 41. f3 c4 42. Ke4 c3 43. Kf4 Rc1 44. Kg5
c2 45. Rc7+ Ke6 46. g4 Kd6 47. Rc3 Ke7 48. Kxg6 hxg4 49. fxg4 Rg1 50. Rxc2
Rxg4+ 51. Kh5 1/2-1/2